Vista normal
Vista MARC
Entrada Encabezamiento personal
Número de registros utilizados en: 1
001 - NÚMERO DE CONTROL
- campo de control: 12299
003 - IDENTIFICADOR DEL NÚMERO DE CONTROL
- campo de control: vecauma
005 - FECHA Y HORA DE LA ÚLTIMA TRANSACCIÓN
- campo de control: 20250113202226.0
008 - DATOS DE LONGITUD FIJA
- campo de control de longitud fija: 250113|| aca||aabn | a|a d
040 ## - FUENTE DE LA CATALOGACIÓN
- Centro catalogador/agencia de origen: vecauma
100 1# - ENCABEZAMIENTO-NOMBRE DE PERSONA
- Nombre de persona: Prado Cárdenas, Michael Yorman
670 ## - FUENTE EN LA QUE SE LOCALIZARON DATOS
- Cita de la fuente: El procedimiento de antejuicio de mérito previsto en la Ley Orgánica del Tribunal Supremo de Justicia a la luz de los principios que rigen el proceso penal, 2015,
- Información localizada: p. ii (Michael Yorman Prado Cárdenas)
